| 000 | 00373nam a2200121Ia 4500 | ||
|---|---|---|---|
| 008 | 220216s9999 xx 000 0 und d | ||
| 245 | 0 | _aObjections to the use of paranitrophenol in the preparation of crepe rubber | |
| 260 |
_bJournal of the Rubber Research Institute of Malaya _c1934 |
||
| 300 | _a315 | ||
| 650 | _aCrepe rubber | ||
| 650 | _aParanitrophenol | ||
| 942 | _cJS | ||
| 999 |
_c64268 _d64268 |
||